Football - Premier league All time stats quiz (HARD) - Statistics

General Stats
  • This quiz has been taken 153 times
  • The average score is 64 of 102
Answer Stats
Stats Quantity Club Date Detail % Correct
Manchester United
99%
Liverpool
94%
Manchester City
94%
Arsenal
85%
Chelsea
83%
Fewest PL wins in a season 1 Derby County (2007/08) /
79%
Fewest PL home wins in a season 1 Sunderland (2005/06) /
79%
1 Derby County (2007/08) /
79%
Most PL title wins 13 Manchester United (1992/93, 1993/94, 1995/96, 1996/97, 1998/99, 1999/00, 2000/01, 2002/03, 2006/07, 2007/08, 2008/09, 2010/11 & 2012/13) /
78%
Most consecutive PL away defeats 13 Leicester City (25 November 2000 - 25 August 2001) /
78%
Fewest PL draws in a season 2 Manchester City (2018/19) /
75%
2 Tottenham Hotspur (2018/19) /
75%
2 Sheffield United (2020/21) /
75%
Most consecutive PL title wins 4 Manchester City (2020/21-2023/24) /
75%
Fewest PL away wins in a season* 0 Leeds United (1992/93 - 21 matches) /
72%
0 Coventry City (1999/00 - 19 matches) /
72%
0 Wolverhampton Wanderers (2003/04 - 19 matches) /
72%
0 Norwich City (2004/05 - 19 matches) /
72%
0 Derby County (2007/08 - 19 matches) /
72%
0 Hull City (2009/10 - 19 matches) /
72%
Fewest PL defeats in a season 0 Arsenal (2003/04) /
72%
Fewest PL home defeats in a season 0 Manchester United (1995/96, 1999/00 & 2010/11) /
72%
0 Arsenal (1998/99, 2003/04 & 2007/08) /
72%
0 Chelsea (2004/05, 2005/06, 2006/07, 2007/08 & 2014/15) /
72%
0 Liverpool (2008/09, 2017/18, 2018/19, 2019/20 & 2021/22) /
72%
0 Manchester City (2011/12 & 2023/24) /
72%
0 Tottenham Hotspur (2016/17) /
72%
Fewest PL away defeats in a season 0 Arsenal (2001/02 & 2003/04) /
72%
0 Manchester United (2020/21) /
72%
Fewest PL home draws in a season 0 Manchester City (2008/09 & 2018/19) /
72%
0 Manchester United (2012/13) /
72%
0 Chelsea (2016/17) /
72%
0 Tottenham Hotspur (2023/24) /
72%
Fewest PL away draws in a season 0 Tottenham Hotspur (2018/19) /
72%
0 Leeds United (2020/21) /
72%
Smallest PL title-winning margin 0 points, +8 goal difference Manchester City (2011/12) /
71%
Most PL home wins in a season 18 Chelsea (2005/06) /
68%
18 Manchester United (2010/11) /
68%
18 Manchester City (2011/12 & 2018/19) /
68%
18 Liverpool (2019/20) /
68%
Most consecutive PL wins 18 Manchester City (26 August 2017 - 27 December 2017) /
68%
18 Liverpool (27 October 2019 - 24 February 2020) /
68%
Most PL draws in a season* 18 Manchester City (1993/94 - 42 matches) /
68%
18 Sheffield United (1993/94 - 42 matches) /
68%
18 Southampton (1994/95 - 42 matches) /
68%
Most PL wins in a season 32 Manchester City (2017/18 & 2018/19) /
67%
32 Liverpool (2019/20) /
67%
Most consecutive PL matches without a win 32* Derby County (2007/08) *The club yet to return to the Premier League following relegation in 2007/08.
67%
Fewest PL points in a season for a club avoiding relegation 32* Nottingham Forest (2023/24) | 18th relegated with 26 points *This club deducted four points following a breach of the Premier League’s Profitability and Sustainability Rules.
67%
Biggest PL title-winning margin 19 points Manchester City (2017/18) /
66%
Most PL away defeats in a season 17 Burnley (2009/10) /
65%
17 Newcastle United (2003/04 - 38 matches) /
65%
17 Aston Villa (2006/07 & 2011/12 - 38 matches) /
65%
17 Sunderland (2014/15 - 38 matches) /
65%
Most PL home draws in a season 10 Sheffield Wednesday (1996/97) /
64%
10 Leicester City (1997/98 & 2003/04) /
64%
10 Manchester United (2016/17) /
64%
Most PL away draws in a season 10 Newcastle United (2003/04) /
64%
Most consecutive PL defeats 20 Sunderland (18 January 2003 - 10 September 2005) the club's run includes 15 matches prior to relegation in 2002/03 and the opening five matches on their Premier League return in 2005/06.
64%
Most PL home defeats in a season 15 Watford (2021/22) /
62%
Most consecutive PL defeats in one season 15 Sunderland (2002/03) /
62%
Most PL away wins in a season 16 Manchester City (2017/18) /
62%
Most consecutive PL home wins 24 Liverpool (9 February 2019 - 11 July 2020) /
62%
Most PL defeats in a season* 29 Ipswich Town (1994/95 - 42 matches) /
62%
29 Sunderland (2005/06 - 38 matches) /
62%
29 Derby County (2007/08 - 38 matches) /
62%
29 Sheffield United (2020/21 - 38 matches) /
62%
Longest PL unbeaten away run 29 Manchester United (17 February 2020 - 19 September 2021) /
62%
Most consecutive PL draws 7 Norwich City (1993/94 - 42 matches) /
62%
7 Southampton (1994/95 - 42 matches) /
62%
7 Manchester City (2009/10 - 38 matches) /
62%
Most consecutive PL home defeats 11 Watford (1 December 2021 - 30 April 2022) /
61%
Fewest PL points in a season 11 Derby County (2007/08) /
61%
Most consecutive PL away wins 12 Manchester City (19 December 2020 - 14 May 2021) /
61%
Fewest points required to avoid relegation (excluding goal difference) 27 / (2023/24) 18th relegated with 26 points
58%
Leicester City
58%
Newcastle United
56%
Tottenham Hotspur
56%
42 West Ham United (2002/03 - 38 matches) /
55%
Longest PL unbeaten run 49 Arsenal (7 May 2003 - 24 October 2004) /
54%
Most PL points in a season for a club to be relegated 49 Crystal Palace (1992/93 - 42 matches) /
54%
Leeds United
53%
Southampton
51%
Aston Villa
50%
West Ham United
50%
Nottingham Forest
49%
Derby County
48%
Fewest PL points in a season to win the title 75 Manchester United (1996/97) /
47%
Norwich City
47%
Sunderland
47%
Most PL points in a season 100 Manchester City (2017/18) /
44%
Most PL points in a season without winning the title 97 Liverpool (2018/19) /
44%
Burnley
44%
Sheffield United
40%
Longest PL unbeaten home run 86 Chelsea (21 February 2004 - 26 October 2008) /
36%
Crystal Palace
35%
Watford
35%
Sheffield Wednesday
31%
Wolverhampton Wanderers
21%
Coventry City
17%
Hull City
14%
Ipswich Town
8%
No matching quizzes found
Score Distribution
Percent of People with Each Score
Percentile by Number Answered
Your Score History
You have not taken this quiz